| 000 | 01684nam a2200229Ia 4500 | ||
|---|---|---|---|
| 003 | Ost | ||
| 005 | 20260507075608.0 | ||
| 008 | 260507s9999||||xx |||||||||||||| ||und|| | ||
| 020 | _a9789773314736 | ||
| 040 | _cfsecg | ||
| 041 | _aara | ||
| 082 | _a658 | ||
| 100 |
_aمنير، محمد _eمؤلف |
||
| 245 | 0 |
_aأساسيات إدارة المنظمات : _bمدخل إلى العلوم الإدارية الإدارة والمديرين - أساسيات التخطيط - صنع القرار - القيادة - البيئة الخارجية والداخلية للمنظمة - أخلاقيات الأعمال / _c محمد منير |
|
| 260 |
_aالإسكندرية : _bدار التعليم الجامعي, _c2020 |
||
| 300 |
_a403 صفحة؛ _bإيضاحات ؛ _c24 سم |
||
| 504 | _aالمراجع ص.403 | ||
| 520 | _aتناول الكاتب موضوع أساسيات إدارة المنظمات، وتم تقسيمه الى ثلاثة أبواب رئيسية، حيث تناول الباب الأول مقدمة عامة تخص بعض المواضيع الإدارية "أخلاقيات الأعمال والمسؤولية الاجتماعية، والبيئة الخارجية والداخلية للمنظمات وادارة الأعمال الدولية"، في حين يتحدث الفصل الثاني عن مناقشة الوظائف الإدارية "التخطيط والتنظيم، والقيادة والرقابة" أما الباب الثالث فقد تم تخصيصه للتسويق وإدارة الموارد البشربة والتمويل. | ||
| 653 | _aإدارة الأعمال | ||
| 653 | _aالعلوم الإدارية | ||
| 942 | _cكتاب | ||
| 999 |
_c45054 _d45054 |
||